000 01370nam a22002297a 4500
999 _c62087
_d62087
003 Ge_BSU
005 20240705160816.0
008 240705s2021 ge ||||| |||| 00| 0 geo d
020 _a9789941967467
041 _ageo
080 _a004.738.5+339.138 ც-74
100 _aცისკარიშვილი, ოლიკო, ავტორი, შემდგენელი
_922739
245 _aსოციალური მედია და მარკეტინგი /
_cავტორ-შემდგენელი ოლიკო ცისკარიშვილი ; რედ. ინგა გამსახურდიშვილი ; ყდის დიზაინი ირმა გაჩეჩილაძე.
264 _aთბილისი :
_bჩემი გამომცემლობა,
_c 2021.
300 _a258 გვ. ;
_b20 სმ.
500 _aავტორი მითითებულია თავფურცლის მე-2 გვერდზე.
653 _aსოციალური მედია.
653 _aმარკეტინგი.
700 _aგამსახურდიშვილი, ინგა
_e რედაქტორი
_922740
700 _aგაჩეჩილაძე, ირმა
_eყდის დიზაინი
_922741
942 _2udc
_cᲬᲘᲒᲜᲘ